Loading...
| Fine Arts - Auditory Fine Arts | 4 | 17.50 | 100% | 75% | 0% |
| Fine Arts - Other Fine Arts | 6 | 18.33 | 83% | 83% | 17% |
| Fine Arts - Visual Fine Arts | 3 | 26.67 | 100% | 100% | 67% |
| Geography | 2 | 10.00 | 100% | 0% | 0% |
| History - American History | 8 | 16.25 | 88% | 50% | 25% |
| History - European History | 4 | 17.50 | 75% | 100% | 0% |
| History - Other History | 6 | 21.67 | 100% | 83% | 33% |
| History - World History | 6 | 21.67 | 100% | 100% | 17% |
| Literature - American Literature | 6 | 18.33 | 100% | 83% | 0% |
| Literature - British Literature | 4 | 22.50 | 75% | 100% | 50% |
| Literature - European Literature | 6 | 20.00 | 100% | 50% | 50% |
| Literature - World Literature | 5 | 22.00 | 100% | 80% | 40% |
| Mythology | 6 | 23.33 | 100% | 100% | 33% |
| Philosophy | 6 | 21.67 | 100% | 100% | 17% |
| Pop Culture | 4 | 15.00 | 100% | 50% | 0% |
| Popular Culture | 1 | 10.00 | 100% | 0% | 0% |
| Religion | 1 | 20.00 | 100% | 100% | 0% |
| Science - Biology | 3 | 13.33 | 67% | 33% | 33% |
| Science - Chemistry | 6 | 20.00 | 100% | 50% | 50% |
| Science - Other Science | 6 | 21.67 | 83% | 100% | 33% |
| Science - Physics | 2 | 10.00 | 100% | 0% | 0% |
| Social Science | 5 | 20.00 | 80% | 80% | 40% |
| Visual Fine Arts> <ed. FW | 1 | 30.00 | 100% | 100% | 100% |
| 1 | 10.00 | 100% | 0% | 0% |